000 00599nam a2200229Ia 4500
003 OSt
005 20220925215207.0
006 a|||||r|||| 00| 0
007 ta
008 220923b |||||||| |||| 00| 0 eng d
037 _cGeneral Book
040 _aRTL
_cRTL
_beng
041 _2eng
_aeng
082 _aY9(W), L6
100 _aNisbet Robert
_975381
245 0 _aTwilight of authority
260 _aLondon
_bHeinemann
_c1976
300 _avii, 287p
_ccm.
650 _aPolitical Sociology
942 _hY9(W), L6
_cGB
_2CC
999 _c568187
_d568187